Darts General Knowledge #1 - Statistics

General Stats
  • This quiz has been taken 127 times
  • The average score is 14 of 20
Answer Stats
Question Answer % Correct
What is the highest checkout possible? 170
96%
Does the World Matchplay use a group stage system? No
92%
How many has the answer to the above won? 16
90%
Who has won the most World Championships? Phil Taylor
88%
How heavy are the darts that are used by Ryan Searle in grams? 32
86%
What checkout is commonly referred to as the "Shanghai" 120
85%
Who uses the nickname "Goldfinger"? Andrew Gilding
76%
Which player has the nickname "The Machine"? James Wade
76%
Which Northern Irishman famously hit the first double in 9 dart finish? Brendan Dolan
75%
What is the commonly referred to name for the answer prior? Big Fish
74%
Which organisation did Stephen Bunting move to the PDC from? BDO
73%
What double was the answer to the above trying to hit when he quoted this? 8
70%
Who won the 2022 Grand Slam Of Darts? Michael Smith
68%
What is the nickname of the answer to the above? The Historymaker
62%
Which band made the song that is apart of Joe Cullen's walkout? Oasis
58%
How many nations will be at the 2024 World Cup of Darts? 40
57%
Who won the Premier League of Darts in 2020? Glenn Durrant
53%
Who did Littler beat in Round 1 of the 2024 world championships? Christian Kist
52%
Where is the World Grand Prix held? Leicester
39%
Who famously said "Who's in charge me or the devil?" Ted Hankey
35%
No matching quizzes found
Score Distribution
Percent of People with Each Score
Percentile by Number Answered
Your Score History
You have not taken this quiz